Music Quiz

Random Music or Song Quiz

Will, Won't, Can, or Can't Songs Quiz Stats

 Plays Quiz Updated May 12, 2019

Score 0/40 Timer 06:00
2 Plays Today
Question Answer Wrong Answers
We ____ Rock You
Queen (1977)
Will
93.5%
Won't
0.1%
Can
0.3%
Can't
0.1%
I Believe I ____ Fly
R. Kelly (1996)
Can
93.2%
Will
0.3%
Won't
0.1%
Can't
0.2%
I ____ Always Love You
Dolly Parton (1974) or Whitney Houston (1992)
Will
93.1%
Won't
0.3%
Can
0.2%
Can't
0.2%
I ____ Survive
Gloria Gaynor (1978)
Will
92.3%
Won't
0.4%
Can
1.2%
Can't
0.3%
____ Help Falling in Love
Elvis Presley (1961)
Can't
92.2%
Will
0.2%
Won't
0.5%
Can
0.8%
Just ____ Get Enough
Depeche Mode (1981)
Can't
91.4%
Will
0.2%
Won't
1.1%
Can
1.1%
U ____ Touch This
MC Hammer (1990)
Can't
91.1%
Will
0.3%
Won't
0.7%
Can
1.7%
You ____ Call Me Al
Paul Simon (1986)
Can
90.3%
Will
1.1%
Won't
0.9%
Can't
1.4%
You ____ Hurry Love
The Supremes (1966)
Can't
89.9%
Will
0.9%
Won't
1.2%
Can
1.6%
If I ____ Have You
Yvonne Elliman (1977)
Can't
87.7%
Will
0.9%
Won't
1.4%
Can
3.5%
You Never ____ Tell
Chuck Berry (1964)
Can
87.7%
Will
3.9%
Won't
0.6%
Can't
1.4%
I'd Do Anything for Love (But I ____ Do That)
Meat Loaf (1993)
Won't
87.6%
Will
0.5%
Can
0.3%
Can't
5.5%
I ____ Back Down
Tom Petty (1989)
Won't
87.3%
Will
1.3%
Can
0.5%
Can't
4.7%
____ Get Fooled Again
The Who (1971)
Won't
87.2%
Will
0.7%
Can
0.3%
Can't
5.4%
____ You Love Me Tomorrow
The Shirelles (1960)
Will
87.1%
Won't
3.4%
Can
2.5%
Can't
0.6%
You ____ Always Get What You Want
The Rolling Stones (1969)
Can't
84.1%
Will
3.9%
Won't
3.6%
Can
2%
I ____ Remember You
Sarah McLachlan (1995)
Will
82.8%
Won't
3.7%
Can
2.3%
Can't
4.9%
I ____ Give Up
Jason Mraz (2012)
Won't
82.6%
Will
1.1%
Can
0.4%
Can't
9.8%
Love ____ Keep Us Together
Captain & Tennille (1975)
Will
79.4%
Won't
2.2%
Can
10.1%
Can't
2.1%
Time ____ Let Me
The Outsiders (1966)
Won't
77.9%
Will
11.9%
Can
1.5%
Can't
2.1%
Love ____ Let Me Wait
Major Harris (1975)
Won't
75.1%
Will
9.7%
Can
3.2%
Can't
5.4%
Never ____ Say Goodbye
Jackson 5 (1971) or Gloria Gaynor (1974)
Can
72%
Will
18.3%
Won't
1.9%
Can't
1.3%
If I ____ Dream
Elvis Presley (1968)
Can
70.3%
Will
1.1%
Won't
0.8%
Can't
21.5%
Wherever You ____ Go
The Calling (2001)
Will
69.8%
Won't
4.1%
Can
17.4%
Can't
2.2%
Love ____ Tear Us Apart
Joy Division (1980)
Will
66.6%
Won't
14.8%
Can
4%
Can't
8.4%
I ____ Tell You Why
Eagles (1980)
Can't
64.4%
Will
8.6%
Won't
9.8%
Can
10.5%
Things ____ Only Get Better
Howard Jones (1985)
Can
59.3%
Will
33.7%
Won't
0.5%
Can't
0.4%
I ____ Help
Billy Swan (1974)
Can
58.9%
Will
9.9%
Won't
6%
Can't
18.6%
I ____ Dance
Genesis (1991)
Can't
58.6%
Will
3.2%
Won't
8%
Can
23.9%
Who ____ It Be Now?
Men At Work (1982)
Can
57.6%
Will
34.9%
Won't
0.7%
Can't
0.5%
Love ____ Turn You Around
Kenny Rogers (1982)
Will
55.9%
Won't
4.2%
Can
30.8%
Can't
2.5%
I ____ Make You Love Me
Bonnie Raitt (1991)
Can't
55.2%
Will
24.3%
Won't
4%
Can
10.1%
I ____ Last A Day Without You
Carpenters (1974)
Won't
54.8%
Will
0.9%
Can
0.7%
Can't
37.5%
What You ____ Do for Love
Bobby Caldwell (1978)
Won't
46.4%
Will
30.4%
Can
13.3%
Can't
3.2%
I ____ Wait
Mumford & Sons (2012)
Will
46.1%
Won't
8.2%
Can
12.2%
Can't
27.3%
I ____ Wait
Nu Shooz (1986)
Can't
45.1%
Will
23%
Won't
12.3%
Can
13.2%
You ____ See Me
The Beatles (1965) or Anne Murray (1974)
Won't
35.6%
Will
6%
Can
13.4%
Can't
38.5%
I ____ Love You Like That
All-4-One (1995)
Can
33.9%
Will
18.1%
Won't
13.5%
Can't
28.2%
Love ____ Make You Happy
Mercy (1969)
Can
26.4%
Will
40.4%
Won't
19.5%
Can't
7.3%
I ____ Dance
Fred Astaire (1935)
Won't
13%
Will
5%
Can
51%
Can't
24.8%

You're not logged in!

Compare scores with friends on all Sporcle quizzes.
OR
Log In

Show Comments

Extras

Top Quizzes Today


Score Distribution

Your Account Isn't Verified!

In order to create a playlist on Sporcle, you need to verify the email address you used during registration. Go to your Sporcle Settings to finish the process.

Report this User

Report this user for behavior that violates our Community Guidelines.

Details: